000
00288nam a2200109Ia 4500
008
200302s9999 xx 000 0 und d
100
_a
Madhav Deobhakta
245
_a
Arbitration for Architects and Project Managers
260
_b
Council of Architecture
260
_c
2011
300
_a
152 P.,
999
_c
3058
_d
3058